Films français (par indice) - Statistiques

Statistiques générales
  • Ce quiz a été pris 171 fois
  • Le résultat moyen est 16 sur 40
Statistiques - réponses
Hint Réponse % Correct
Mariage / Famille Verneuil / Christian Clavier Qu'est-ce qu'on a fait au bon dieu
89%
Dîner / Dispute / Patrick Bruel Le prénom
88%
Voyage temporel / Chevaliers / Jean Reno Les Visiteurs
75%
Tétraplégique / Auxiliaire de vie / François Cluzet Intouchables
66%
Vengeance / Prisonnier / Pierre Niney Le comte de Monte Cristo
66%
Construction / Jules César / Alain Chabat Astérix et Obélix : Mission Cléopâtre
61%
Plongée / Champion du monde / Jean Reno Le grand bleu
61%
Soirée / François Pignon / Francis Veber Le dîner de cons
56%
Enquête / Festival de Cannes / Alain Chabat La cité de la peur
54%
Réveillon / SOS Détresse Amitié / Gérard Jugnot Le père noël est une ordure
54%
Quiproquo / Juif / Louis de Funès Les aventures de Rabbi Jacob
54%
Marseille / Brigade de terrain / Gilles Lellouche BAC Nord
53%
Romance / Jacky / François Civil L'amour ouf
52%
Héritage / Fratrie / Didier Bourdon Les trois frères
52%
Égypte / Espion / Michel Hazanavicius OSS 117 : Le Caire nid d'espions
51%
Seconde Guerre mondiale / Chef d'orchestre / Bourvil La grande vadrouille
45%
Nuit d'émeutes / Vinz / Matthieu Kassovitz La haine
44%
Cuisine française / Guide gastronomique / Coluche L'aile ou la cuisse
43%
Mariage / Organisateur / Jean-Pierre Bacri Le sens de la fête
40%
Sous-marin / Audition / Omar Sy Le chant du loup
39%
Hollywood / Claquettes / Bérénice Béjo The Artist
37%
Montmartre / Serveuse / Jean-Pierre Jeunet Le fabuleux destin d'Amélie Poulain
36%
Espagne / Avare / Louis de Funès La folie des grandeurs
34%
Garrigues / Marcel Pagnol / Yves Robert La gloire de mon père
34%
Police / Daniel Morales / Luc Besson Taxi
33%
Ghetto / Musicien / Adrien Brody Le pianiste
31%
Colocation / Cannabis / Igor Gotesman Five
28%
Chevaliers / Arthur / Franck Pitiot Kaamelott
27%
Extraterrestres / Multi-pass / Bruce Willis Le cinquième élément
27%
Pièce de théâtre / Spectateur / Quentin Dupieux Yannick
26%
Escroquerie / Gueule cassée / Albert Dupontel Au revoir là-haut
22%
Truands / Tomate / Lino Ventura Les tontons flingueurs
22%
Assassinat/ Malagawi / Jean-Paul Belmondo Le professionnel
16%
Sauvage / Youk / Jean-Jacques Annaud L'Ours
16%
Société de consommation / Publicitaire / Jean Dujardin 99 Francs
15%
Amants / Mécanicien / Jacques Demy Les parapluies de Cherbourg
12%
Meurtre / Université de Guernon / Vincent Cassel Les rivières pourpres
12%
Modernité / Monsieur Hulot / Jacques Tati Mon oncle
9%
École buissonnière / Honoré de Balzac / François Truffaut Les Quatre cents coups
5%
Police judiciaire / Clara Royer / Dominik Moll La nuit du 12
4%
Aucun quiz correspondant
Distribution des résultats
% des personnes avec chaque résultat
Percentile par nombre de réponses
Votre historique - résultats
Vous n’avez pas pris ce quiz